Grandes maestres, tenéis la palabra (Record no. 178832)

MARC details
000 -LEADER
campo de control de longitud fija 01154nam a2200277 i 4500
001 - NÚMERO DE CONTROL
campo de control 178832
003 - IDENTIFICADOR DE NÚMERO DE CONTROL
campo de control ES-MaACL
005 - FECHA Y HORA DE LA ÚLTIMA TRANSACCIÓN
campo de control 20250814054639.0
008 - DATOS DE LONGITUD FIJA--INFORMACIÓN GENERAL
campo de control de longitud fija 110714s2010 sp acfo |||| |cspa d
020 ## - NÚMERO INTERNACIONAL ESTÁNDAR DEL LIBRO
Número Internacional Estándar del Libro 978-84-935508-2-0
080 ## - NÚMERO DE LA CLASIFICACIÓN DECIMAL UNIVERSAL
Número de la Clasificación Decimal Universal 061.236.6(100)
245 00 - MENCIÓN DEL TÍTULO
Título Grandes maestres, tenéis la palabra
Resto del título orden masónica Mixta Internacional "Le Droit Humain" - "El Derecho Humano" /
Mención de responsabilidad, etc. [textos seleccionados por Ivette Ramon y Danièle Juette].
260 ## - PUBLICACIÓN, DISTRIBUCIÓN, ETC.
Lugar de publicación, distribución, etc. Madrid :
Nombre del editor, distribuidor, etc. Fundación María Deraismes,
Fecha de publicación, distribución, etc. 2010.
300 ## - DESCRIPCIÓN FÍSICA
Extensión 187 p. :
Otras características físicas il. col., fot. ;
Dimensiones 24 cm.
500 ## - NOTA GENERAL
Nota general Recoge los discursos y biografías de los Grandes Maestres, desde 1893.
504 ## - NOTA DE BIBLIOGRAFÍA, ETC.
Nota de bibliografía, etc. Bibliografía: p. 187.
610 27 - PUNTO DE ACCESO ADICIONAL DE MATERIA--NOMBRE DE ENTIDAD CORPORATIVA
Nombre de entidad corporativa o nombre de jurisdicción como elemento de entrada Orden Masónica Mixta Internacional El Derecho Humano.
9 (RLIN) 138864
650 #7 - PUNTO DE ACCESO ADICIONAL DE MATERIA--TÉRMINO DE MATERIA
Término de materia o nombre geográfico como elemento de entrada Mujeres y Masonería
Fuente del encabezamiento o término embne
9 (RLIN) 138865
700 1# - ENTRADA AGREGADA--NOMBRE PERSONAL
Nombre de persona Ramon, Yvette.
9 (RLIN) 147346
700 1# - ENTRADA AGREGADA--NOMBRE PERSONAL
Nombre de persona Juette, Danièle.
9 (RLIN) 147347
710 2# - ENTRADA AGREGADA--NOMBRE DE ENTIDAD CORPORATIVA
Nombre de entidad corporativa o nombre de jurisdicción como elemento de entrada Fundación María Deraismes.
9 (RLIN) 137819
852 ## - LOCALIZACIÓN
Ubicación ES-MaACL
itemnumber 185696
Sublocalización o colección R.146390
Número de control de estantería A-11343
Ubicación en estantería Depósito 1
Signatura antigua Olim: N-4347
Encuadernación Donación: Editorial
942 ## - ELEMENTOS DE ENTRADA SECUNDARIOS (KOHA)
Fuente del sistema de clasificación o colocación Clasificación decimal universal
Tipo de ítem Koha Libro impreso
Holdings
Estatus retirado Estado de pérdida Fuente del sistema de clasificación o colocación Estado de daño No para préstamo Biblioteca de origen Biblioteca actual Ubicación en estantería Fecha de adquisición Fuente de adquisición Total de préstamos Signatura topográfica completa Código de barras Visto por última vez Precio de reemplazo Tipo de ítem Koha
    Clasificación decimal universal     Biblioteca del Ateneo de Madrid Biblioteca del Ateneo de Madrid Depósito 1 14/07/2011 Donación   A-11343 1187850 23/02/2023 23/02/2023 Libro impreso